Jak se vám líbí ? kreativita a líbivost v reklamě

V súčasnej dobe hospodárskej krízy sa vedúci pracovníci viac zamýšľajú nad kvalitou reklamy. Tajomstvo kvalitnej a účinnej reklamy spočíva v reklamnej stratégii, originalite (v kreatívnom riešení), profesionálnom spracovaní.

Gespeichert in:
Bibliographische Detailangaben
1. Verfasser: Světlík, Jaroslav
Format: Buchkapitel
Sprache:Tschechisch
Schlagworte:
Tags: Tag hinzufügen
Keine Tags, Fügen Sie das erste Tag hinzu!

MARC

LEADER 00000naa$a2200000$$$4500
001 0112373
005 20231114080540.9
041 0 |a cze 
044 |a CZ 
245 1 0 |a Jak se vám líbí ?  |b kreativita a líbivost v reklamě  |c Jaroslav Světlík 
520 |a V súčasnej dobe hospodárskej krízy sa vedúci pracovníci viac zamýšľajú nad kvalitou reklamy. Tajomstvo kvalitnej a účinnej reklamy spočíva v reklamnej stratégii, originalite (v kreatívnom riešení), profesionálnom spracovaní. 
610 2 0 |a reklama 
610 2 0 |a kreativita 
610 2 0 |a stratégia marketingová 
100 1 |a Světlík, Jaroslav